| 000 | 01205cam a2200349 a 4500 | ||
|---|---|---|---|
| 001 | 1542771 | ||
| 003 | EG-ScBUE | ||
| 005 | 20220210125918.0 | ||
| 008 | 910605s2000 enk f 000 1 eng d | ||
| 020 | _a9780749394806 | ||
| 040 |
_aDLC _beng _erda _cDLC _dDLC _dOCoLC _dDLC _dEG-ScBUE |
||
| 041 | 1 |
_aeng _hger |
|
| 043 | _ae-pl--- | ||
| 082 | 0 | 4 |
_a833.914 _222 _bGRA |
| 100 | 1 |
_aGrass, Günter, _d1927-2015, _eauthor. _924199 |
|
| 240 | 1 | 0 |
_aKatz und Maus. _lEnglish |
| 245 | 1 | 0 |
_aCat and Mouse / _cGunter Grass ; translated form the German by Ralph Manheim. |
| 264 | 1 |
_aLondon : _bVintage Books, _c2000. |
|
| 300 |
_a190 pages ; _c21 cm |
||
| 336 |
_2rdacontent _atext _btxt |
||
| 337 |
_2rdamedia _aunmediated _bn |
||
| 338 |
_2rdacarrier _avolume _bnc |
||
| 546 | _aTranslaed from the German | ||
| 586 | _aWinner of the Nobel Prize for Literature | ||
| 650 | _2BUEsh | ||
| 651 | 7 |
_aGdansk (Poland) _xFiction. _924200 _2BUEsh |
|
| 653 |
_cMay2011 _bHHUUEENN |
||
| 655 | 7 |
_aWar stories. _2gsafd _vReading book |
|
| 700 | 1 |
_924197 _aManheim, Ralph, _etranslator. |
|
| 942 |
_2ddc _cBB |
||
| 999 |
_c15421 _d15421 |
||